Loading...
| Literature - American | 4 | 3 | 0 | 0 | 90 | 47 | 77.00 | 4 | 6 | 0.00 | 0.00 |
| Literature - World | 2 | 2 | 0 | 1 | 50 | 40 | 84.75 | 3 | 3 | 0.00 | 0.00 |
| Literature - European | 2 | 2 | 0 | 1 | 50 | 27 | 89.00 | 1 | 4 | 0.00 | 0.00 |
| Fine Arts - Auditory | 0 | 4 | 1 | 0 | 35 | 73 | 90.25 | 0 | 2 | 0.00 | 0.00 |
| Fine Arts - Other | 1 | 2 | 1 | 1 | 30 | 88 | 119.67 | 0 | 2 | 0.00 | 0.00 |
| Fine Arts - Visual | 0 | 2 | 0 | 0 | 20 | 102 | 113.50 | 1 | 2 | 0.00 | 0.00 |
| Pop Culture | 0 | 2 | 0 | 0 | 20 | 95 | 102.50 | 0 | 1 | 0.00 | 0.00 |
| Religion | 0 | 2 | 0 | 1 | 20 | 80 | 99.50 | 0 | 1 | 0.00 | 0.00 |
| Social Science | 0 | 1 | 0 | 0 | 10 | 128 | 128.00 | 0 | 0 | 0.00 | 0.00 |
| Literature - British | 0 | 2 | 2 | 2 | 10 | 77 | 107.00 | 1 | 2 | 0.00 | 0.00 |
| Philosophy | 0 | 1 | 0 | 0 | 10 | 125 | 125.00 | 0 | 1 | 0.00 | 0.00 |
| History - European | 0 | 1 | 0 | 0 | 10 | 77 | 77.00 | 1 | 1 | 0.00 | 0.00 |